Oxford student's dictionary for learners using English to study other subjects

Đã lưu trong:
书目详细资料
格式: 图书
语言:Undetermined
出版: Oxford Oxford University Press
主题:
标签: 添加标签
没有标签, 成为第一个标记此记录!
Thư viện lưu trữ: Trung tâm Học liệu Trường Đại học Cần Thơ
LEADER 00592nam a2200181Ia 4500
001 CTU_180665
008 210402s9999 xx 000 0 und d
020 |c 251000 
082 |a 423 
082 |b O.98 
245 0 |a Oxford student's dictionary for learners using English to study other subjects 
260 |a Oxford 
260 |b Oxford University Press 
650 |a English language,Từ điển tiếng Anh 
650 |x dictionary 
904 |i Thuý Vi 
910 |a Use with CD-ROM: AVA.002008, AVA.002007, AVA.001973 
980 |a Trung tâm Học liệu Trường Đại học Cần Thơ